00746nam a2200229Ia 4500003000400000005001700004008004100021020001500062040000700077082001400084100001900098245009300117250000700210260003200217300002400249500001900273600002100292650005000313942001200363952012600375999001500501OSt20241023111952.0240925s9999 xx 000 0 und d a1578700434 csd a004.6 KAE aMerike , Kaeo 0aDesigning Network Security: a practical guide to creating secure network infra structure aNA aNew Jersey:bHaydenc,1999. a205p.bNAfOriginal aIncludes Index aComputer Science aComputer science, information & general works cBK2ddc 001040708CSaUITUbUITUd2002-05-21eVanguard Booksg2750.17l0o004.6 KAEpQ4361r2024-09-25 07:13:29w2024-09-25yBK c6860d6860